WWE Champions by Year - 2000 - Statistics

General Stats
  • This quiz has been taken 298 times
  • The average score is 70 of 95
Answer Stats
Title Date Event Wrestler % Correct
WWE Championship April 30 Backlash The Rock
99%
WWE Championship June 25 King of the Ring The Rock
99%
Tag Team December 18 Raw The Rock
99%
WWE Championship January 3 Raw Triple H
97%
WWE Championship May 21 Judgment Day Triple H
97%
Tag Team September 24 Unforgiven Jeff Hardy
96%
Tag Team October 23 Raw Jeff Hardy
96%
Hardcore April 24 Raw Matt Hardy
96%
Tag Team September 24 Unforgiven Matt Hardy
96%
Tag Team October 23 Raw Matt Hardy
96%
WWE Championship October 22 No Mercy Kurt Angle
95%
Intercontinental February 27 No Way Out Kurt Angle
95%
European February 8 Smackdown Kurt Angle
95%
Intercontinental January 3 Raw Chris Jericho
94%
Intercontinental January 23 Royal Rumble Chris Jericho
94%
Intercontinental May 4 Smackdown Chris Jericho
94%
European April 2 WrestleMania 2000 Chris Jericho
94%
Tag Team April 2 WrestleMania 2000 Christian
94%
Tag Team June 25 King of the Ring Christian
94%
Tag Team October 22 No Mercy Christian
94%
Tag Team December 10 Armageddon Christian
94%
Tag Team December 21 Smackdown Christian
94%
Tag Team April 2 WrestleMania 2000 Edge
94%
Tag Team June 25 King of the Ring Edge
94%
Tag Team October 22 No Mercy Edge
94%
Tag Team December 10 Armageddon Edge
94%
Tag Team December 21 Smackdown Edge
94%
Tag Team February 27 No Way Out Bubba Ray Dudley
89%
Tag Team February 27 No Way Out D-Von Dudley
89%
Intercontinental April 2 WrestleMania 2000 Chris Benoit
88%
Intercontinental May 8 Raw Chris Benoit
88%
Intercontinental December 10 Armageddon Chris Benoit
88%
Intercontinental September 4 Raw Eddie Guerrero
86%
European April 3 Raw Eddie Guerrero
86%
Tag Team December 18 Raw The Undertaker
86%
Intercontinental January 3 Raw Chyna
84%
Intercontinental August 27 SummerSlam Chyna
84%
European December 2 Rebellion Crash Holly
84%
Hardcore February 24 Smackdown Crash Holly
84%
Hardcore March 13 Raw Crash Holly
84%
Hardcore April 2 WrestleMania 2000 Crash Holly
84%
Hardcore April 3 Raw Crash Holly
84%
Hardcore April 13 Smackdown Crash Holly
84%
Hardcore April 27 Smackdown Crash Holly
84%
Hardcore May 11 Smackdown Crash Holly
84%
Hardcore May 15 Raw Crash Holly
84%
Hardcore June 12 Raw Crash Holly
84%
Hardcore June 25 King of the Ring Crash Holly
84%
Hardcore July 2 House show Crash Holly
84%
Hardcore September 24 Unforgiven Crash Holly
84%
Hardcore May 15 Raw The Godfather's Ho
84%
Hardcore April 2 WrestleMania 2000 Hardcore Holly
83%
Women's August 21 Raw Lita
82%
Women's March 30 Smackdown Stephanie McMahon
81%
Hardcore August 21 Raw Shane McMahon
77%
Intercontinental November 23 Smackdown Billy Gunn
71%
Women's November 2 Smackdown Ivory
70%
Intercontinental June 22 Smackdown Rikishi
69%
Intercontinental July 6 Smackdown Val Venis
69%
Light Heavyweight March 13 Raw Dean Malenko
66%
Light Heavyweight April 27 Smackdown Dean Malenko
66%
Hardcore January 17 Raw Test
66%
Hardcore December 22 Raw Raven
65%
European July 23 Fully Loaded Perry Saturn
61%
Hardcore April 13 Smackdown Perry Saturn
61%
Hardcore September 24 Unforgiven Perry Saturn
61%
Tag Team May 29 Raw Scotty 2 Hotty
61%
European August 31 Smackdown Al Snow
59%
Tag Team May 29 Raw Grandmaster Sexay
59%
European October 16 Raw William Regal
59%
European December 4 Raw William Regal
59%
Women's February 3 Smackdown Jacqueline
57%
Tag Team November 6 Raw The Goodfather
57%
Light Heavyweight April 17 Raw Scotty 2 Hotty
54%
Hardcore June 29 Smackdown Steve Blackman
54%
Hardcore July 2 House show Steve Blackman
54%
Hardcore August 27 SummerSlam Steve Blackman
54%
Hardcore September 24 Unforgiven Steve Blackman
54%
Hardcore April 2 WrestleMania 2000 Tazz
52%
Hardcore April 2 WrestleMania 2000 Tazz
52%
Hardcore April 13 Smackdown Tazz
52%
Tag Team November 6 Raw Bull Buchanan
46%
Hardcore April 2 WrestleMania 2000 Viscera
46%
Light Heavyweight February 13 Sunday Night Heat Essa Rios
41%
Hardcore March 13 Raw Pete Gas
41%
Hardcore April 2 WrestleMania 2000 Pete Gas
41%
Hardcore April 2 WrestleMania 2000 Joey Abs
39%
Hardcore April 2 WrestleMania 2000 Rodney
39%
Hardcore May 6 Insurrextion The British Bulldog
39%
Hardcore May 18 Smackdown Gerald Brisco
36%
Hardcore June 19 Raw Gerald Brisco
36%
Hardcore June 19 Raw Pat Patterson
35%
Hardcore April 2 WrestleMania 2000 Funaki
31%
Hardcore April 2 WrestleMania 2000 Thrasher
29%
Women's January 31 Raw Hervina
25%
No matching quizzes found
Score Distribution
Percent of People with Each Score
Percentile by Number Answered
Your Score History
You have not taken this quiz